000 00456nam a2200181Ia 4500
001 11202
005 20260306161929.0
008 260306t2000||||xx |||||||||||||| ||spa||
041 _aESP
082 _a985.019
_bB96C
100 _aBusto Duthurburu, José Antonio del
_eAUT
245 0 _aTúpac Yupanqui, descubridor de Oceanía
260 _c2000
300 _a159 páginas :
_c20 cm.
650 _aGEN
654 _aCHU
942 _cLIB
_dJUS
_fJUS
_2ddc
_n
999 _c11202
_d11202